Discrete event system simulation (Record no. 136416)

000 -LEADER
fixed length control field 00293nam a2200121Ia 4500
008 - FIXED-LENGTH DATA ELEMENTS--GENERAL INFORMATION
fixed length control field 220120s9999||||xx |||||||||||||| ||und||
020 ## - INTERNATIONAL STANDARD BOOK NUMBER
International Standard Book Number 9781416940289
082 ## - DEWEY DECIMAL CLASSIFICATION NUMBER
Classification number 003 BAN
100 ## - MAIN ENTRY--PERSONAL NAME
Personal name Banks, Jerry
245 #0 - TITLE STATEMENT
Title Discrete event system simulation
260 ## - PUBLICATION, DISTRIBUTION, ETC.
Name of publisher, distributor, etc. New Delhi
300 ## - PHYSICAL DESCRIPTION
Extent 275p.
Other physical details 0
Holdings
Withdrawn status Lost status Damaged status Not for loan Collection code Home library Current library Date acquired Barcode Date last seen Price effective from Koha item type
        Computer Science and Engineering Central Library Central Library 01/20/2022 GF275 01/20/2022 01/20/2022 Gift Books

Powered by Koha